| 000 | 00827nam a2200193Ia 4500 | ||
|---|---|---|---|
| 008 | 0000002005 ne a 0000000000eng00 | ||
| 020 | _a9073392160 | ||
| 090 | _aPUS00 B64s | ||
| 110 | 1 | _aBolhoven, Marlies | |
| 245 | 1 | 0 |
_aSam Francis _c/ text Marlies Bolhoven |
| 300 |
_a96 p. _c/ 27 cm. |
||
| 500 | _aTexto en inglés \ Libro elaborado y con copyright de Gallery Delaive, Amsterdam, Samuel L. francis Art Museum and the Sam francis Foundation, Santa Monica, california \ Con el patronazgo del maestro venezolano Jesús Rafael Soto (q.e.p.d.) | ||
| 600 | 0 | 0 |
_a FRANCIS, SAM, 19231994/ _xTRABAJOS PICTORICOS |
| 650 | 1 | 4 | _a PINTURA ESTADOUNIDENSE |
| 650 | 1 | 4 | _aARTE CONTEMPORANEO ESTADOUNIDENSE |
| 650 | 1 | 4 | _xCATALOGOS |
| 650 | 1 | 4 | _aPINTORES ESTADOUNIDENSES |
| 999 |
_c4714 _d4714 |
||
| 260 |
_aAmsterdam : Galery Delaive _c2005 |
||